| 000 | 00730nam a2200205Ia 4500 | ||
|---|---|---|---|
| 003 | GCL | ||
| 008 | 140319s9999 xx 000 0 ara d | ||
| 020 | _a977208421X | ||
| 040 |
_aGCL / _cGCL |
||
| 082 | 0 | 4 |
_a239.8 _bا د |
| 100 | 1 | _aابراهيم عيسى | |
| 245 | 1 | 0 |
_aدم الحسين : _bالقصة الكاملة لقتل الحسين و الانتقام من القتلة / _cابراهيم عيسى |
| 250 | _aالاولى | ||
| 260 |
_aالقاهرة : _bمكتبة مدبولى ، _c2003 |
||
| 300 |
_a165 ص ؛ _c20 سم |
||
| 650 | 0 | 4 | _aالحسين (الامام) |
| 650 | 0 | 4 | _aقتل الحسين ( الامام ) |
| 650 | 0 | 4 | _aاهل بيت الرسول صلى الله عليه وسلم |
| 942 |
_2ddc _cBK |
||
| 999 |
_c6194 _d6194 |
||